Informe mundial sobre la ciencia 1998

محفوظ في:
التفاصيل البيبلوغرافية
مؤلف مشترك: UNESCO (مؤلف)
التنسيق: كتاب
اللغة:الإسبانية
منشور في: París Unesco 1998
الموضوعات:
الوسوم: إضافة وسم
لا توجد وسوم, كن أول من يضع وسما على هذه التسجيلة!

MARC

LEADER 00000nam a2200000 a 4500
001 UCP2136
003 CL-VaPUC
008 990507e19980000FR |||||||||||||||||spa|d
082 0 4 |a 500  |b UNE  |2 21 
110 2 |a UNESCO  |e author  |9 428634 
245 1 0 |a Informe mundial sobre la ciencia 1998 
300 |a 301 p 
942 |c BK 
945 |d 19990507 00:00:00  |a rbrito 
260 |a París  |b Unesco  |c 1998 
650 0 |a Ciencias  |9 327866 
650 0 |a Investigación científica  |9 259857 
650 0 |a Filosofía de las ciencias  |9 256466 
583 |a last modification  |c 19990507 00:00:00  |k Rodrigo Vera 
999 |c 280720  |d 280718